000 00843cam a2200217 4500
001 WB3729-29
008 010725n2001 000 0 eng u
035 _a(Sirsi) u113743
245 _aEnglish Partnerships to revive 14,300 derelict sites
260 _c2001
490 _aProperty Week
_v66(29) 20 July 2001, 2(1)
520 _aThousands of acres of derelict brownfield land is to be brought back into public ownership in a scheme by English Partnerships. A series of joint ventures are planned with public sector owners including NHS estates and defence estates. RICS regeneration panel vice-chairman welcomes the move.
590 _aWB
650 _aENGLISH PARTNERSHIPS
650 _aBROWNFIELD LAND
650 _aPUBLIC SECTOR
650 _aNHS ESTATES
650 _aDEFENCE ESTATES
690 _aREGENERATION
942 _n0
999 _c67768
_d67768